Building Materials / (Record no. 527177)
[ view plain ]
| 000 -LEADER | |
|---|---|
| fixed length control field | 00469nam a22001697a 4500 |
| 003 - CONTROL NUMBER IDENTIFIER | |
| control field | NUST |
| 005 - DATE AND TIME OF LATEST TRANSACTION | |
| control field | 20190723060104.0 |
| 008 - FIXED-LENGTH DATA ELEMENTS--GENERAL INFORMATION | |
| fixed length control field | 190723b ||||| |||| 00| 0 eng d |
| 020 ## - INTERNATIONAL STANDARD BOOK NUMBER | |
| International Standard Book Number | 978-93-259-6044-2 |
| Qualifying information | Papercover. |
| 038 ## - RECORD CONTENT LICENSOR | |
| Staff Name | Arshad |
| 082 ## - DEWEY DECIMAL CLASSIFICATION NUMBER | |
| Classification number | 691 |
| Author Mark | BHA |
| 100 ## - MAIN ENTRY--PERSONAL NAME | |
| Personal name | Bhavikatti, S.S. |
| 9 (RLIN) | 18313 |
| 245 ## - TITLE STATEMENT | |
| Title | Building Materials / |
| Statement of responsibility, etc. | S.S. Bhavikatti |
| 260 ## - PUBLICATION, DISTRIBUTION, ETC. | |
| Place of publication, distribution, etc. | New Delhi, India : |
| Name of publisher, distributor, etc. | Vikas Publishing House Pvt Ltd, |
| Date of publication, distribution, etc. | 2012. |
| 300 ## - PHYSICAL DESCRIPTION | |
| Extent | 195 p. ; |
| 942 ## - ADDED ENTRY ELEMENTS (KOHA) | |
| Source of classification or shelving scheme | |
| Koha item type | Book |
| Withdrawn status | Lost status | Source of classification or shelving scheme | Damaged status | Not for loan | Permanent Location | Current Location | Shelving location | Date acquired | Source of acquisition | Cost, normal purchase price | Total Checkouts | Full call number | Barcode | Date last seen | Date last checked out | Price effective from | Koha item type |
|---|---|---|---|---|---|---|---|---|---|---|---|---|---|---|---|---|---|
| NUST Baluchistan Campus (NBC) | NUST Baluchistan Campus (NBC) | Book Cart | 07/23/2019 | Purchased | 0.00 | 1 | 691 BHA | Q-213 | 12/04/2025 | 11/14/2025 | 07/23/2019 | Book |
